000 00877cab a2200265 4500
001 ABS51997
008 090401t1994 xxu||||| |||| 00| 0 eng d
035 _a(Sirsi) u54181
041 _aeng
100 _aWarriner, N.
245 _aNew stamping grounds
260 _c1994
350 _a0
490 _aEstates Gazette
_v(9448) 3 December 1994, 116-117(2)
520 _aExamines stamp duty changes following the 1993 autumn Budget, in the context of typical transactions, illustrating how additional duty may arise and suggests ways to minimise the potential increase.
650 _aFREEHOLD PROPERTY
650 _aPROPERTY TRANSACTIONS
650 _aSTAMP DUTY
650 _aUNASCERTAINABLE CONSIDERATION
650 _aUNASCERTAINABLE PRICES
650 _aUNASCERTAINABLE RENTS
690 _aPROPERTY LAW AND PRACTICE
942 _n0
948 _c04/03/1997
999 _c33220
_d33220